000 00793nas a2200265 4500
001 BR8707553
003 BR-BrBNA
005 20231205090936.0
007 ta
008 230509b bl.|||p| |||| 00| 00por d
040 _aBR-BrBNA
_bpor
_cBiblioteca Nacional de Agricultura
041 _a(Pt)
072 _aQ54
100 1 _aFalco, J.E.
100 1 _aTeixeira, J.C.
100 1 _aPaiva, P.C. de A.
245 1 _aMinerais para caprinos
650 _aCAPRINO
650 _aCOMPOSICAO DE ALIMENTO
650 _aSAIS MINERAIS
650 _aNUTRIENTE MINERAL
773 0 _tInforme Agropecuario - Empresa de Pesquisa Agropecuaria de Minas Gerais (Brazil)
_xISSN 0100-3364
_g(Feb 1987), v. 13(146) p. 34-37
_wBR8707553
909 _a202311
_bLúcia
_c55
_dLúcia Elande
942 _2AGRIS
_n0
_cANA
999 _c121780
_d121780